Statistics for All Formula 1 Virgin/Marussia/Manor drivers

Click here to take the quiz!

General Stats

  • This quiz has been taken 417 times
    (399 since last reset)
  • The average score is 9 of 12

Answer Stats

YearsNo. of racesNameNationality% Correct
2013–14 †34Jules BianchiFrance
96%
20169Esteban OconFrance
83%
2010–1258Timo GlockGermany
82%
201612Rio HaryantoIndonesia
81%
2013–1435Max ChiltonUnited Kingdom
79%
201621Pascal WehrleinGermany
79%
2014–156Alexander RossiUnited States
74%
201220Charles PicFrance
74%
201119Jérôme d'AmbrosioBelgium
67%
201519Will StevensUnited Kingdom
67%
201019Lucas di GrassiBrazil
62%
201514Roberto MerhiSpain
61%

Score Distribution

Percentile by Number Answered

Percent of People with Each Score

Your Score History

You have not taken this quiz since the last reset